Christmas / Gen K - Statistics

General Stats
  • This quiz has been taken 3 times
  • The average score is 6 of 15
Answer Stats
Question Answer % Correct
What year did all I want for Christmas is you, by Mariah Carrey release? 1994
67%
How many Reindeer does Santa Clause have? 9
67%
Which famous person passed away on Christmas Day? Charlie Chaplin
67%
Avatar is the no 1 movie of all time according to the box office, who directed it? James Cameron
67%
On what date do orthodox Christians in Ethiopia celebrate christmas? January 7th
67%
Which Christmas song became the first song to reach no 1 for consecutive years, 2023 and 2024? Last Christmas, Wham
67%
How many time zones does China officially use? 1
33%
When was the first issue of Vogue published? 1892
33%
How many Gold medals has Great Britain won at the olympics all time? 310
33%
On Christmas Day in Japan, it is tradition to eat from which fast food chain? KFC
33%
What UK County did Cheddar Cheese originate from? Somerset
33%
Santa Clause, formally known as St Nicolas originated from which modern day country? Turkey
33%
During what war did the Christmas Truce take place? WW1
33%
Harry Potter movies are often re watched during the christmas period, how many Harry Potter movies are there EXCLUDING any spin offs such as fantastic beasts 8
0%
The first song played on an instrument in space happens to be a popular Christmas tune today, which one is it? Jingle bells
0%
No matching quizzes found
Score Distribution
Percent of People with Each Score
Percentile by Number Answered
Your Score History
You have not taken this quiz